01997nam a2200361 i 4500001001000000003000900010005001700019007000300036008004100039040003000080041000800110082003000118245005300148264007200201300003100273336002700304337003400331338002900365500003300394500012200427590002800549651008800577651008600665710005400751910003700805942001400842952015600856952015601012952015601168952014401324952015001468999001701618000030401DO-SdBNP20250925101038.0ta110517s1983 dr 000 0 spa d aDO-SdBNPbspacBNPHUerda aspa 4aR 016.33097293bB582e22200aBibliografía económica dominicana 1978-1982. 1aSanto Domingo :bBanco Central de la República Dominicana,c1983. av, 125 páginas ;c22 cm. atextobtxt2rdacontent asin mediación bn2rdamedia avolumenbnc2rdacarrier  aIncluye índice por materia aPublicado con motivo del 36 aniversario de la creación del Banco Central de la Republica Dominicana "Octubre 1983." aInventariado, 2024 /LP  0aRepública DominicanaxCondiciones económicasvBibliografíasy1978-1982978065 0aRepública DominicanaxPolítica económicay1978-1982vBibliografías9780652 aBanco Central de la República Dominicana983405 aValidado. Control de Calidad/MAA 2ddccLBS1 00102ddc56708DS-RaBNPHUbBNPHUcHDd2011-05-17l0oBNPHU R-DS 016.33097293 B582ep30401-30r2020-06-25te. 3w2020-06-25yLBS1ZPréstamo en sala 00102ddc56708DS-RaBNPHUbBNPHUcHDd2011-05-17l0oBNPHU R-DS 016.33097293 B582ep30401-40r2020-06-25te. 4w2020-06-25yLBS1ZPréstamo en sala 00102ddc56708DS-RaBNPHUbBNPHUcHDd2011-10-21l0oBNPHU R-DS 016.33097293 B582ep30401-50r2020-06-25te. 5w2020-06-25yLBS1ZPréstamo en sala 00102ddc51708DS-RaBNPHUbBNPHUcHDd2011-05-17l0oBNPHU R-PD 016.33097293 B582ep30401-10r2020-06-25w2020-06-25yLBS1ZNo se presta 00102ddc51708DS-RaBNPHUbBNPHUcHDd2011-05-17l0oBNPHU R-PD 016.33097293 B582ep30401-20r2020-06-25te. 2w2020-06-25yLBS1ZNo se presta c29893d29893